Match the English word with the French word - Statistics

General Stats
  • This quiz has been taken 84 times
  • The average score is 16 of 19
Answer Stats
Hint Answer % Correct
December Decembre
97%
English Anglais
94%
French Francais
93%
January Janvier
93%
No Non
93%
Yes Oui
93%
Pizza Pizza
93%
Spanish Espagnol
90%
French Fries Frites
90%
House Maison
90%
Pencil Crayon
88%
Dog Chien
87%
Bathroom Salle de Bains
87%
Book Livre
85%
Tree Arbre
82%
Apple Pomme
82%
Ice Cream Glace
78%
Pumpkin Citrouille
69%
Money Argent
66%
No matching quizzes found
Score Distribution
Percent of People with Each Score
Percentile by Number Answered
Your Score History
You have not taken this quiz